000 00493nam a22001575i 4500
001 171590
003 ES-MaACL
005 20230906214654.0
008 090521s1815 sp |||| | spa d
245 0 0 _aReglamento de las órdenes militares de S. Fernando y S. Hermenegildo.
260 _aMadrid :
_b[s.n.],
_c1815 (
_fImprenta Real)
300 _a45 p. ;
_c19 cm.
610 1 4 _aOrden de San Fernando.
_9140269
610 2 4 _aOrden de San Hermenegildo.
_9140270
852 _aES-MaACL
_jT-368-F-9
999 _c171590
_d171590